Chemosvit ako prestupná stanica : Problémy neschladili optimizmus svitským futbalistom

Podrobná bibliografia
Hlavní autori: Glovičko, Jaroslav (Author), Koch, Stanislav (Author)
Médium: Článok
Jazyk:Slovak
Témy:
Zdroj: 1. Lúč 1. Roč. 6, č. 158(1997), dát. 0711, s. 12
LEADER 00845nab#a2200301#ar4500
001 000015212
003 SVKKK
005 00000000000000.0
008 c xo e sloo
FMT
038 |a SVKKK 
040 |a SVKKK  |b slo  |e AACR2 
041 0 |a slo 
044 |a xo  |c SK 
080 |a 796.33  |2 1981 
100 1 |a Glovičko, Jaroslav  |4 aut 
245 1 0 |a Chemosvit ako prestupná stanica :  |b Problémy neschladili optimizmus svitským futbalistom  |c Glovičko Jaroslav, , Koch Stanislav 
650 0 4 |a futbal  |x liga 3.  |z FK Chemosvit, Svit (PP)  |x sezóna 1996/97  |x hodnotenie  |x rozhovory 
700 1 |a Koch, Stanislav  |4 aut 
773 0 |t Lúč  |g Roč. 6, č. 158(1997), dát. 0711, s. 12 
957 |a Svit 
958 |a PP 
958 |a RE 
974 |d 971114  |a Čr 
992 |a RBX 
BAS
852 |a SVKKK  |b BIB 
998 |a REG